Life of Christian Frederick Swartz (Record no. 3315)

MARC details
000 -LEADER
fixed length control field 00596nam a2200241 a 4500
020 ## - INTERNATIONAL STANDARD BOOK NUMBER
ISBN
082 00 - DEWEY DECIMAL CLASSIFICATION NUMBER
Classification number 201
Author Cutter PEA1
100 ## - MAIN ENTRY--AUTHOR NAME
Author name Pearson, B R
245 ## - TITLE STATEMENT
Title Life of Christian Frederick Swartz
260 ## - PUBLICATION, DISTRIBUTION, ETC. (IMPRINT)
Place of publication London & Madras
Name of publisher Christian Lit. Society
Year of publication 1899
300 ## - PHYSICAL DESCRIPTION
Number of Pages 47p
500 ## - GENERAL NOTE
General note includes index and biblioraphy
505 2# - FORMATTED CONTENTS NOTE
Formatted contents note Map of China
650 ## - SUBJECT ADDED ENTRY--TOPICAL TERM
Topical Term Christian-Biography
942 ## - ADDED ENTRY ELEMENTS (KOHA)
Koha item type Books
700 1# -
-- Pearson, B R
Holdings
Home library Current library Date acquired Cost, normal purchase price Full call number Accession Number Koha item type
Henry Martyn Institute Library Henry Martyn Institute Library 06/12/2007 100.00 201 PEA1 11006680 Archive Book
                   Copyright © 2026 | Henry Martyn Institute | Hyderabad | TS-500052 | INDIA | Implemented by hmi.edu.in
Hit-Count:

Powered by Koha